Bertie Bott's Flavors Quiz Stats

 Plays Quiz Updated Oct 18, 2018

Score 0/148 Timer 10:00
0 Plays Today
Flavor % Correct
Earwax
76.7%
Vomit
71.6%
Chocolate
67.1%
Mucous
67%
Apple
65.6%
Pepper
59.7%
Grass
58.1%
Lemon
57.5%
Cherry
56.4%
Orange
53.9%
Banana
49.3%
Dirt
48.6%
Lime
48.3%
Butter
47.1%
Salt
45%
Vanilla
42.5%
Chicken
39.5%
Coffee
38.4%
Cheese
38%
Carrots
36.6%
Raspberry
36.2%
Bacon
35.2%
Potato
34.3%
Milk
33.8%
Bread
33.4%
Toffee
33%
Peppermint
32.1%
Cinnamon
31.5%
Ham
30.9%
Onion
30.1%
Sugar
30.1%
Spinach
29.8%
Liver
29.2%
Lettuce
28.4%
Tea
28%
Tripe
27.1%
Ice Cream
27%
Chewing Gum
26.9%
Tomato Ketchup
26.9%
Mud
26.5%
Coconut
25.8%
Mustard
25.8%
Toast
25.5%
Honey
25.4%
Corn
25.2%
Acid
25.2%
Soap
25.2%
Sausage
25.1%
Baked Beans
24.3%
Salmon
24.2%
Flavor % Correct
Mango
24%
Cucumber
23.4%
Wood
23.3%
Avocado
23.1%
Paper
23%
Marshmallow
22.8%
Flowers
21.7%
Celery
21.5%
Candy Floss
21.1%
Mayonnaise
21%
Curry
20.7%
Sardines
20.4%
Brussel Sprouts
20.2%
Cod
20%
Pasta
19.7%
Yoghurt
19.7%
Cauliflower
19.6%
Lamb
19.5%
Sand
19%
Rotten Egg
18.9%
Vinegar
18.8%
Bagel
18.7%
Ink
18.6%
Zucchini
18.5%
Marmalade
17.9%
Biscuit
17.6%
Cherry Tart
16.5%
Horseradish
16.5%
Trout
16.5%
Shrimp
16.4%
Chocolate Mousse
16.2%
Blackcurrant
16.1%
Walnuts
16%
Iron
15.9%
Baking Soda
15.8%
Toe Nails
15.7%
Raisin
15.7%
Glue
15.7%
Petrol
15.7%
Rum
15.7%
Turnip
15.6%
Parsley
15.5%
Peanuts
15.5%
Paprika
15.5%
Lima Beans
15.4%
Syrup
15.4%
Brown Sugar
15.3%
Strawberry Jelly
15%
Custard
15%
Copper
15%
Flavor % Correct
Shampoo
14.8%
Buttermilk
14.8%
Paint
14.8%
Noodles
14.6%
Hot Sauce
14.6%
Egg Yolk
14.5%
Pepperoni
14.5%
Caterpillar
14.3%
Sushi
14.3%
Parsnips
14.2%
Honeydew
14.2%
Leather
14.2%
Thyme
14.1%
Strawberry Mousse
13.9%
Diesel
13.8%
Prawns
13.5%
Kidney Beans
13.5%
Cookie Dough
13.5%
Rubber
13.4%
Centipede
13.3%
Beanstalks
13.1%
Cough Medicine
13%
Meatballs
12.8%
Sour Cream
12.5%
Frog Legs
12.5%
Latex
12.5%
Prune
12.5%
Marzipan
12.3%
Caviar
12.3%
Fried Beans
12.2%
Mince
12.1%
Pina Colada
12%
Squid
12%
Sweetcorn
11.8%
Varnish
11.4%
Soda Water
11.1%
Worcestershire Sauce
11.1%
Compost
11.1%
Salad Dressing
11%
Eucalyptus Leaves
10.7%
Wildgrass
10.4%
Menthol
10.3%
Tartar Sauce
9.7%
Plaice
9.7%
Lucozade
9.6%
Perogies
9.1%
Maracana Nuts
9.1%
Sulphur
9%

You're not logged in!

Compare scores with friends on all Sporcle quizzes.
OR
Log In

Sporcle TV

Today on Sporcle TV


Watch our educational content, quiz creation guides, and fun videos on Sporcle TV.

Show Comments

Extras

Top Quizzes Today


Score Distribution

Your Account Isn't Verified!

In order to create a playlist on Sporcle, you need to verify the email address you used during registration. Go to your Sporcle Settings to finish the process.

Report this User

Report this user for behavior that violates our Community Guidelines.

Details: